Food, population,and Employment; the impact of the green revolutionj (Record no. 20157)
[ view plain ]
| 000 -LEADER | |
|---|---|
| fixed length control field | 00296nam a22001097a 4500 |
| 082 ## - DEWEY DECIMAL CLASSIFICATION NUMBER | |
| Classification number | 338.1091724POL |
| 100 ## - MAIN ENTRY--PERSONAL NAME | |
| Personal name | Poleman, T |
| 245 ## - TITLE STATEMENT | |
| Title | Food, population,and Employment; the impact of the green revolutionj |
| 260 ## - PUBLICATION, DISTRIBUTION, ETC. | |
| Place of publication, distribution, etc. | London |
| Name of publisher, distributor, etc. | new york |
| Date of publication, distribution, etc. | 1973 |
| 300 ## - PHYSICAL DESCRIPTION | |
| Extent | xiv,272p |
| Other physical details | :ill.; 25cm. |
| 942 ## - ADDED ENTRY ELEMENTS (KOHA) | |
| Koha item type | Books |
| Withdrawn status | Lost status | Source of classification or shelving scheme | Damaged status | Not for loan | Home library | Current library | Shelving location | Date acquired | Full call number | Barcode | Date last seen | Price effective from | Koha item type |
|---|---|---|---|---|---|---|---|---|---|---|---|---|---|
| Dewey Decimal Classification | IFM Main Campus Library | IFM Main Campus Library | 08/28/2018 | 338.1091724POL | 0000005844 | 08/28/2018 | 08/28/2018 | Books |
